[Event "SF-2011-0-00092"]
[Site "LSS email"]
[Date "2011.04.02"]
[Round "?"]
[White "Jostov, Keylah"]
[Black "Nolf, Francky"]
[Result "1-0"]
[WhiteElo "1067"]
[BlackElo "748"]
[PlyCount "24"]
[EventDate "2011.03.11"]
[EventType "tourn (corr)"]
[EventRounds "6"]
[EventCountry "GER"]
[SourceTitle "Corr 2015"]
[Source "ChessBase"]
[SourceDate "2015.07.17"]
[SourceVersion "1"]
[SourceVersionDate "2015.07.17"]
[SourceQuality "1"]

1. e4 e6 2. d4 Nc6 3. Nf3 Be7 4. c3 Nf6 5. Bd3 0-0 6. 0-0 d5 7. e5 Ne4 8. Qe2 f5 9. exf6 Nxf6 10. Bf4 Bd6 11. Bxd6 Qxd6 12. Nbd2 Ne7 1-0

[Event "SF-2011-0-00092"]
[Site "LSS email"]
[Date "2011.04.02"]
[Round "?"]
[White "Nolf, Francky"]
[Black "Pietrzak, Wojciech"]
[Result "0-1"]
[WhiteElo "748"]
[BlackElo "1265"]
[PlyCount "40"]
[EventDate "2011.03.11"]
[EventType "tourn (corr)"]
[EventRounds "6"]
[EventCountry "GER"]
[SourceTitle "Telechess CBM 151"]
[Source "ChessBase"]
[SourceDate "2012.11.13"]
[SourceVersion "1"]
[SourceVersionDate "2012.11.13"]
[SourceQuality "1"]

1. d4 d5 2. Nf3 c5 3. c4 e6 4. cxd5 exd5 5. g3 Nc6 6. Bg2 Nf6 7. 0-0 Bg4 8. dxc5 Bxc5 9. Bg5 d4 10. h3 Be6 11. Nbd2 h6 12. Bxf6 gxf6 13. Ne4 Be7 14. Ne1 Qd7 15. Nd3 Bxh3 16. Bxh3 Qxh3 17. Nf4 Qd7 18. Nh5 0-0-0 19. Nhxf6 Bxf6 20. Nxf6 Qf5 0-1

[Event "RN-2011-0-00366"]
[Site "LSS email"]
[Date "2011.04.02"]
[Round "?"]
[White "Tascier, Fadil"]
[Black "Nolf, Francky"]
[Result "1-0"]
[WhiteElo "818"]
[BlackElo "748"]
[PlyCount "34"]
[EventDate "2011.03.22"]
[EventType "tourn (corr)"]
[EventRounds "6"]
[EventCountry "GER"]
[SourceTitle "Corr 2015"]
[Source "ChessBase"]
[SourceDate "2015.07.17"]
[SourceVersion "1"]
[SourceVersionDate "2015.07.17"]
[SourceQuality "1"]

1. d4 d6 2. c4 Nf6 3. Nc3 Nbd7 4. e4 e5 5. d5 Be7 6. Bg5 0-0 7. Nf3 Nc5 8. Bxf6 Bxf6 9. b4 Na6 10. a3 Bg4 11. Be2 Bxf3 12. Bxf3 Nb8 13. 0-0 Nd7 14. Bg4 Nb6 15. Be2 a6 16. a4 Nd7 17. Bg4 Re8 1-0

[Event "SF-2011-0-00086"]
[Site "LSS email"]
[Date "2011.02.28"]
[Round "?"]
[White "Hilton, Stephen H"]
[Black "Nolf, Francky"]
[Result "1-0"]
[WhiteElo "947"]
[BlackElo "748"]
[PlyCount "111"]
[EventDate "2011.01.17"]
[EventType "tourn (corr)"]
[EventRounds "6"]
[EventCountry "GER"]
[SourceTitle "Telechess CBM 145"]
[Source "Chessbase"]
[SourceDate "2011.11.11"]
[SourceVersion "1"]
[SourceVersionDate "2011.11.11"]
[SourceQuality "1"]

1. b4 d6 2. Bb2 e5 3. c4 Nf6 4. e3 Bf5 5. Nf3 Be7 6. Be2 0-0 7. 0-0 Nbd7 8. d3 c6 9. Qb3 Qc7 10. Nbd2 Bg6 11. Rac1 a6 12. a4 Rac8 13. Ba3 Qd8 14. h3 Bh5 15. Rfe1 Qc7 16. b5 Qd8 17. d4 cxb5 18. cxb5 axb5 19. axb5 exd4 20. Rxc8 Qxc8 21. Nxd4 Bg6 22. Rc1 Qb8 23. Bf3 Ne5 24. Be2 Rc8 25. Rxc8+ Qxc8 26. Nc4 Nxc4 27. Bxc4 Ne4 28. Nf3 Nc5 29. Bxc5 Qxc5 30. Nd4 Bf6 31. Nf3 h6 32. Ne1 b6 33. Nd3 Qg5 34. Nf4 Be4 35. g3 Bg6 36. Nxg6 Qxg6 37. Bd5 Bh4 38. Bg2 Be7 39. Qd5 Qb1+ 40. Kh2 Qc2 41. Qa8+ Bf8 42. Qf3 Qb2 43. Qf5 Qe5 44. Qxe5 dxe5 45. Bd5 Bc5 46. Kg2 Kf8 47. Kf3 Ke7 48. Ke4 Bd6 49. Kd3 f6 50. g4 Bc5 51. f4 Kd6 52. Bc6 exf4 53. exf4 Bf2 54. Ke4 Ke6 55. Bd5+ Ke7 56. Kf5 1-0

[Event "SF-2011-0-00086"]
[Site "LSS email"]
[Date "2011.02.28"]
[Round "?"]
[White "Nolf, Francky"]
[Black "Pietrzak, Wojciech"]
[Result "0-1"]
[WhiteElo "748"]
[BlackElo "1170"]
[PlyCount "50"]
[EventDate "2011.01.17"]
[EventType "tourn (corr)"]
[EventRounds "6"]
[EventCountry "GER"]
[SourceTitle "Telechess CBM 145"]
[Source "Chessbase"]
[SourceDate "2011.11.11"]
[SourceVersion "1"]
[SourceVersionDate "2011.11.11"]
[SourceQuality "1"]

1. d4 d5 2. Nf3 e6 3. e3 c5 4. b3 Nc6 5. Bb2 Nf6 6. Bd3 Bd7 7. 0-0 Rc8 8. Ne5 Bd6 9. f4 Qb6 10. c3 0-0 11. Qf3 cxd4 12. cxd4 Nb4 13. Nxd7 Nxd7 14. Bxh7+ Kxh7 15. Qh5+ Kg8 16. Rf3 Nf6 17. Qh4 Rfd8 18. Rh3 Kf8 19. Qh8+ Ke7 20. Qxg7 Rg8 21. Qh6 Rg6 22. Qh4 Rcg8 23. g3 Nc2 24. Kf2 Rg4 25. Qh6 Rxf4+ 0-1

[Event "SF-2011-0-00086"]
[Site "LSS email"]
[Date "2011.02.28"]
[Round "?"]
[White "Nolf, Francky"]
[Black "Wakeham, Marc R"]
[Result "1-0"]
[WhiteElo "748"]
[BlackElo "923"]
[PlyCount "47"]
[EventDate "2011.01.17"]
[EventType "tourn (corr)"]
[EventRounds "6"]
[EventCountry "GER"]
[SourceTitle "Telechess CBM 145"]
[Source "Chessbase"]
[SourceDate "2011.11.11"]
[SourceVersion "1"]
[SourceVersionDate "2011.11.11"]
[SourceQuality "1"]

1. d4 Nf6 2. Nf3 g6 3. e3 Bg7 4. Bd3 0-0 5. b3 d6 6. Bb2 Bg4 7. 0-0 c5 8. h3 Bxf3 9. Qxf3 Nc6 10. Nd2 cxd4 11. exd4 Rc8 12. c4 Re8 13. Ne4 Nxe4 14. Bxe4 Qc7 15. Bc3 Bxd4 16. Bxc6 Bxc3 17. Bxe8 Bxa1 18. Bxf7+ Kg7 19. Rxa1 Rf8 20. Qc3+ Kxf7 21. Re1 Kg8 22. Qd4 Rf5 23. g4 Rf3 24. Qd5+ 1-0

[Event "BI-2010-F-00017"]
[Site "LSS email"]
[Date "2011.02.21"]
[Round "?"]
[White "Nolf, Francky"]
[Black "Molano Lafuente, Ismael"]
[Result "0-1"]
[WhiteElo "819"]
[BlackElo "1403"]
[PlyCount "42"]
[EventDate "2011.02.24"]
[EventType "tourn (corr)"]
[EventRounds "10"]
[EventCountry "GER"]
[SourceTitle "Telechess CBM 151"]
[Source "ChessBase"]
[SourceDate "2012.11.13"]
[SourceVersion "1"]
[SourceVersionDate "2012.11.13"]
[SourceQuality "1"]

1. d4 Nf6 2. Nf3 e6 3. e3 b6 4. Bd3 Bb7 5. b3 d5 6. Bb2 Nbd7 7. 0-0 Bd6 8. Ne5 c5 9. f4 0-0 10. Nd2 Rc8 11. Qf3 Qc7 12. Qh3 cxd4 13. exd4 Ne4 14. Ndf3 Rcd8 15. Ng5 Ndf6 16. f5 Nxg5 17. Qh4 Nfe4 18. Bxe4 Nxe4 19. Rf3 Qxc2 20. Raf1 Qxb2 21. fxe6 Qxd4+ 0-1

[Event "BI-2010-F-00017"]
[Site "LSS email"]
[Date "2011.02.21"]
[Round "?"]
[White "Nolf, Francky"]
[Black "Van de Peut, Aart A"]
[Result "0-1"]
[WhiteElo "819"]
[BlackElo "1398"]
[PlyCount "54"]
[EventDate "2011.02.24"]
[EventType "tourn (corr)"]
[EventRounds "10"]
[EventCountry "GER"]
[SourceTitle "Telechess CBM 151"]
[Source "ChessBase"]
[SourceDate "2012.11.13"]
[SourceVersion "1"]
[SourceVersionDate "2012.11.13"]
[SourceQuality "1"]

1. d4 c5 2. Nf3 cxd4 3. Nxd4 Nf6 4. e3 Nc6 5. c3 e5 6. Nf3 d5 7. Bb5 Bd6 8. 0-0 0-0 9. b3 Bg4 10. Be2 Qc7 11. g3 a6 12. Nbd2 Rad8 13. Bb2 Bh3 14. Re1 e4 15. Nd4 Ne5 16. Bf1 Qc8 17. Bg2 Nd3 18. Rb1 Nxe1 19. Qxe1 Bxg2 20. Kxg2 Rfe8 21. Nf5 Qxf5 22. Qe2 Ng4 23. Rf1 Ne5 24. Ba1 Nf3 25. Nxf3 exf3+ 26. Qxf3 Qxf3+ 27. Kxf3 Be5 0-1

[Event "OP-2011-0-01414"]
[Site "LSS email"]
[Date "2011.02.21"]
[Round "?"]
[White "Shapovalov, Dima"]
[Black "Nolf, Francky"]
[Result "1-0"]
[WhiteElo "1380"]
[BlackElo "748"]
[PlyCount "45"]
[EventDate "2011.02.17"]
[EventType "tourn (corr)"]
[EventRounds "4"]
[EventCountry "GER"]
[SourceTitle "Telechess CBM 145"]
[Source "Chessbase"]
[SourceDate "2011.11.11"]
[SourceVersion "1"]
[SourceVersionDate "2011.11.11"]
[SourceQuality "1"]

1. e4 d6 2. d4 Nf6 3. f3 Nbd7 4. Be3 e5 5. Nc3 Be7 6. g4 0-0 7. Qd2 c5 8. dxe5 dxe5 9. g5 Ne8 10. 0-0-0 Qc7 11. Nd5 Qd8 12. Ne2 Nc7 13. Nec3 b6 14. Nxc7 Qxc7 15. Nd5 Qd8 16. h4 Re8 17. Bh3 Nf8 18. Qh2 Nd7 19. Rhg1 Bf8 20. Nf6+ Kh8 21. Nxe8 Qxe8 22. Qd2 Nb8 23. Qd8 1-0

[Event "SN-2011-0-00309"]
[Site "LSS email"]
[Date "2011.02.01"]
[Round "?"]
[White "Nolf, Francky"]
[Black "O'Brien, Glenn"]
[Result "0-1"]
[WhiteElo "748"]
[BlackElo "924"]
[PlyCount "54"]
[EventDate "2011.01.16"]
[EventType "tourn (corr)"]
[EventRounds "6"]
[EventCountry "GER"]
[SourceTitle "Telechess CBM 145"]
[Source "Chessbase"]
[SourceDate "2011.11.11"]
[SourceVersion "1"]
[SourceVersionDate "2011.11.11"]
[SourceQuality "1"]

1. d4 Nf6 2. Nf3 g6 3. e3 Bg7 4. Bd3 0-0 5. b3 d6 6. Bb2 Nbd7 7. 0-0 Re8 8. Nbd2 e5 9. dxe5 Ng4 10. Rb1 d5 11. e6 fxe6 12. h3 Bxb2 13. Rxb2 Ngf6 14. c4 e5 15. Be2 c6 16. cxd5 cxd5 17. Nh2 Nc5 18. Rc2 Qa5 19. Nb1 Bf5 20. Rd2 Bxb1 21. Rxd5 Bxa2 22. Rd6 Bxb3 23. Qb1 Nfe4 24. Rxg6+ hxg6 25. f3 Qd2 26. Bb5 Qxe3+ 27. Kh1 Ng3# 0-1

[Event "RN-2011-0-00347"]
[Site "LSS email"]
[Date "2011.01.31"]
[Round "?"]
[White "Nolf, Francky"]
[Black "Bester, Kazimierz"]
[Result "1-0"]
[WhiteElo "882"]
[BlackElo "786"]
[PlyCount "39"]
[EventDate "2011.01.09"]
[EventType "tourn (corr)"]
[EventRounds "6"]
[EventCountry "GER"]
[SourceTitle "Telechess CBM 145"]
[Source "Chessbase"]
[SourceDate "2011.11.11"]
[SourceVersion "1"]
[SourceVersionDate "2011.11.11"]
[SourceQuality "1"]

1. d4 d5 2. Nf3 Nc6 3. e3 Qd6 4. Bd3 Bg4 5. b3 0-0-0 6. Bb2 Nf6 7. Nbd2 Nb4 8. Be2 Qc6 9. c3 Na6 10. 0-0 Nb8 11. b4 Nbd7 12. Ng5 Bxe2 13. Qxe2 Re8 14. Nxf7 Rg8 15. Ne5 Nxe5 16. dxe5 Nd7 17. c4 dxc4 18. Nxc4 e6 19. Rac1 Qb5 20. Nd6+ 1-0

[Event "RN-2011-0-00347"]
[Site "LSS email"]
[Date "2011.01.31"]
[Round "?"]
[White "Vontina, Maria"]
[Black "Nolf, Francky"]
[Result "0-1"]
[WhiteElo "636"]
[BlackElo "882"]
[PlyCount "80"]
[EventDate "2011.01.09"]
[EventType "tourn (corr)"]
[EventRounds "6"]
[EventCountry "GER"]
[SourceTitle "Telechess CBM 145"]
[Source "Chessbase"]
[SourceDate "2011.11.11"]
[SourceVersion "1"]
[SourceVersionDate "2011.11.11"]
[SourceQuality "1"]

1. e4 d6 2. d4 Nf6 3. f3 Nbd7 4. Bc4 e5 5. Bg5 Be7 6. Ne2 0-0 7. 0-0 c6 8. Nbc3 b5 9. Bb3 a5 10. a3 Ba6 11. dxe5 Nxe5 12. Qd2 Ng6 13. Kh1 h6 14. Bh4 Nxh4 15. Rad1 Qc7 16. Ng3 Ng6 17. Nf5 Rad8 18. Nxe7+ Nxe7 19. Rfe1 Ng6 20. Qf2 Nf4 21. g3 Nh3 22. Qg2 Ng5 23. Ne2 Bb7 24. Nf4 Ngh7 25. c3 a4 26. Ba2 c5 27. Nd5 Nxd5 28. Bxd5 Bxd5 29. Rxd5 Nf6 30. Rdd1 Nd7 31. Qe2 Ne5 32. Rf1 Nc4 33. Rb1 Qc6 34. Rfd1 Rfe8 35. Qf2 d5 36. exd5 Rxd5 37. Rxd5 Qxd5 38. Kg1 Qd3 39. Qf1 Qe3+ 40. Kh1 Nd2 0-1

[Event "SN-2010-0-00299"]
[Site "LSS email"]
[Date "2010.12.29"]
[Round "?"]
[White "Vontina, Maria"]
[Black "Nolf, Francky"]
[Result "0-1"]
[WhiteElo "636"]
[BlackElo "882"]
[PlyCount "118"]
[EventDate "2010.12.14"]
[EventType "tourn (corr)"]
[EventRounds "6"]
[EventCountry "GER"]
[SourceTitle "Telechess CBM 145"]
[Source "Chessbase"]
[SourceDate "2011.11.11"]
[SourceVersion "1"]
[SourceVersionDate "2011.11.11"]
[SourceQuality "1"]

1. e4 d6 2. d4 Nf6 3. f3 Nbd7 4. Bg5 e5 5. d5 Be7 6. Bb5 0-0 7. Ne2 a6 8. Ba4 b5 9. Bb3 Nc5 10. c3 h6 11. Bh4 Nh5 12. Bf2 Nf4 13. Bc2 g5 14. 0-0 Qd7 15. Ng3 Nxg2 16. Kxg2 Qh3+ 17. Kg1 Kh8 18. b4 Nb7 19. a4 Bd7 20. a5 Rg8 21. Kh1 h5 22. Re1 h4 23. Nf5 Bxf5 24. exf5 g4 25. fxg4 Rxg4 26. Rg1 Rxg1+ 27. Qxg1 Rg8 28. Bg3 hxg3 29. Qg2 Qh4 30. Nd2 gxh2 31. Qxh2 Qxh2+ 32. Kxh2 Rg7 33. Rg1 Rxg1 34. Kxg1 Bg5 35. Ne4 Bc1 36. Kf2 Nd8 37. Kg3 Kg7 38. Kg4 f6 39. Bd3 Nf7 40. c4 Nh6+ 41. Kh5 Nxf5 42. cxb5 axb5 43. Bxb5 Be3 44. Kg4 Nd4 45. Bd7 Nc2 46. b5 Nb4 47. Kf5 Nxd5 48. Be6 Ne7+ 49. Kg4 d5 50. Ng3 Kg6 51. Nf5 Nxf5 52. Bxf5+ Kf7 53. Bd7 Ke7 54. Bc6 Kd6 55. Kf3 Ba7 56. Ke2 Kc5 57. Kd3 e4+ 58. Kc3 f5 59. Bd7 f4 0-1

[Event "OP-2010-0-01337"]
[Site "LSS email"]
[Date "2010.12.09"]
[Round "?"]
[White "Nolf, Francky"]
[Black "Jordaan, Wayne"]
[Result "0-1"]
[WhiteElo "868"]
[BlackElo "1603"]
[PlyCount "54"]
[EventDate "2010.12.05"]
[EventType "tourn (corr)"]
[EventRounds "4"]
[EventCountry "GER"]
[SourceTitle "Telechess CBM 145"]
[Source "Chessbase"]
[SourceDate "2011.11.11"]
[SourceVersion "1"]
[SourceVersionDate "2011.11.11"]
[SourceQuality "1"]

1. d4 d5 2. Nf3 Nf6 3. e3 e6 4. Bd3 c5 5. b3 Nc6 6. Bb2 cxd4 7. exd4 Bd6 8. 0-0 0-0 9. Ne5 Qc7 10. f4 Rd8 11. Qf3 Nb4 12. Qh3 Nxd3 13. Qxd3 Ne4 14. Nd2 f6 15. Ng4 Nxd2 16. Qxd2 h5 17. Nf2 Bxf4 18. Qe2 Bxh2+ 19. Kh1 Bd6 20. Qxh5 Qxc2 21. Nd1 Bd7 22. Rf2 Qh7 23. Qxh7+ Kxh7 24. Ne3 Kg6 25. Raf1 Rh8+ 26. Kg1 Bh2+ 27. Kh1 Bf4+ 0-1

[Event "SN-2010-0-00294"]
[Site "LSS email"]
[Date "2010.12.08"]
[Round "?"]
[White "Nolf, Francky"]
[Black "Mori, Roberto"]
[Result "1-0"]
[WhiteElo "882"]
[BlackElo "666"]
[PlyCount "113"]
[EventDate "2010.11.21"]
[EventType "tourn (corr)"]
[EventRounds "6"]
[EventCountry "GER"]
[SourceTitle "Telechess CBM 145"]
[Source "Chessbase"]
[SourceDate "2011.11.11"]
[SourceVersion "1"]
[SourceVersionDate "2011.11.11"]
[SourceQuality "1"]

1. d4 d5 2. Nf3 Nf6 3. e3 e6 4. Bd3 h6 5. b3 a6 6. Bb2 Bb4+ 7. c3 Ba5 8. b4 Bb6 9. a4 0-0 10. 0-0 Bd7 11. a5 Ba7 12. Nbd2 Nc6 13. Nb3 Ne7 14. Ne5 Nc6 15. Nc5 b5 16. f4 Kh8 17. Qf3 Qc8 18. g4 Nxe5 19. dxe5 Nh7 20. g5 hxg5 21. Bxh7 Kxh7 22. Qh5+ Kg8 23. fxg5 Bxc5 24. bxc5 Be8 25. Rf3 f5 26. g6 Bxg6 27. Qxg6 Qd8 28. Rh3 Qe8 29. Qh7+ Kf7 30. Qh5+ Ke7 31. Qxe8+ Raxe8 32. Rf1 Kd7 33. Ba3 c6 34. Rh7 Re7 35. h4 g6 36. Rxe7+ Kxe7 37. Kg2 Rh8 38. Rh1 Rh5 39. Rh3 Kf7 40. Kf3 Ke7 41. Kg3 Kf7 42. Rh1 Kg7 43. Bc1 Kf7 44. Bd2 Kg7 45. Be1 Kf7 46. Rg1 Kg7 47. Kf4 Kf7 48. Rg5 Rh6 49. Bf2 Rh5 50. Rxh5 gxh5 51. Kg5 f4 52. exf4 Kg7 53. Kxh5 Kh7 54. Kg5 Kg7 55. h5 Kh7 56. Kf6 Kh6 57. Kxe6 1-0

[Event "OP-2010-0-01335"]
[Site "LSS email"]
[Date "2010.12.08"]
[Round "?"]
[White "Nolf, Francky"]
[Black "Vasquez, Gerardo"]
[Result "0-1"]
[WhiteElo "921"]
[BlackElo "1564"]
[PlyCount "38"]
[EventDate "2010.12.03"]
[EventType "tourn (corr)"]
[EventRounds "4"]
[EventCountry "GER"]
[SourceTitle "Telechess CBM 143"]
[Source "ChessBase"]
[SourceDate "2011.07.15"]
[SourceVersion "1"]
[SourceVersionDate "2011.07.15"]
[SourceQuality "1"]

1. d4 d5 2. Nf3 Nf6 3. e3 c5 4. b3 Nc6 5. Bb2 cxd4 6. exd4 Bg4 7. Be2 e6 8. 0-0 Rc8 9. h3 Bf5 10. Nbd2 Bd6 11. Ne5 Bxc2 12. Qxc2 Nxe5 13. Qxc8 Qxc8 14. dxe5 Qc2 15. Rac1 Qxb2 16. exf6 0-0 17. fxg7 Kxg7 18. Rfd1 Bf4 19. Rb1 Qxa2 0-1

[Event "LSS No Engine Cup 32 Preliminary 4"]
[Site "LSS email"]
[Date "2010.12.07"]
[Round "?"]
[White "Yangibayev, Rustam"]
[Black "Nolf, Francky"]
[Result "0-1"]
[WhiteElo "768"]
[BlackElo "748"]
[PlyCount "66"]
[EventDate "2010.12.08"]
[EventType "tourn (corr)"]
[EventRounds "6"]
[EventCountry "GER"]
[SourceTitle "Telechess CBM 151"]
[Source "ChessBase"]
[SourceDate "2012.11.13"]
[SourceVersion "1"]
[SourceVersionDate "2012.11.13"]
[SourceQuality "1"]

1. d4 d6 2. c4 Nf6 3. Nc3 Nbd7 4. Nf3 e5 5. dxe5 dxe5 6. Bg5 Be7 7. e3 0-0 8. Bd3 c6 9. 0-0 Qc7 10. Rc1 h6 11. Bh4 Nc5 12. Bb1 Rd8 13. Qc2 Nd3 14. Rcd1 e4 15. Nd2 Bf5 16. Nb3 b6 17. Nc1 g5 18. Bg3 Bd6 19. Bxd6 Rxd6 20. N3e2 Rad8 21. Nd4 Bg6 22. Nxd3 exd3 23. Qb3 Ng4 24. g3 Qb7 25. Bxd3 Bxd3 26. c5 Rxd4 27. exd4 Bxf1 28. Kxf1 Qa6+ 29. Kg2 Qe2 30. Rf1 Rxd4 31. cxb6 axb6 32. Qxb6 Ne3+ 33. Kg1 Qxf1# 0-1

[Event "LSS RN-2010-0-00336"]
[Site "LSS email"]
[Date "2010.12.06"]
[Round "?"]
[White "Nolf, Francky"]
[Black "Vontina, Maria"]
[Result "1-0"]
[WhiteElo "922"]
[BlackElo "630"]
[PlyCount "53"]
[EventDate "2010.11.10"]
[EventType "tourn (corr)"]
[EventRounds "6"]
[EventCountry "GER"]
[SourceTitle "Telechess CBM 143"]
[Source "ChessBase"]
[SourceDate "2011.07.15"]
[SourceVersion "1"]
[SourceVersionDate "2011.07.15"]
[SourceQuality "1"]

1. d4 Nf6 2. Nf3 e6 3. e3 Be7 4. Bd3 0-0 5. b3 b6 6. Bb2 Bb7 7. 0-0 d6 8. Nbd2 Nbd7 9. c4 h6 10. Qc2 c5 11. Rad1 Rc8 12. e4 cxd4 13. Bxd4 Nc5 14. Bxc5 Rxc5 15. Rfe1 Qd7 16. e5 dxe5 17. Nxe5 Qd4 18. Ndf3 Qf4 19. Qe2 Bxf3 20. Nxf3 Qg4 21. Nd2 Qxe2 22. Rxe2 Rcc8 23. Nf3 Rfd8 24. Red2 Bb4 25. Bh7+ Kxh7 26. Rxd8 Rxd8 27. Rxd8 1-0

[Event "CP-2010-P-00027"]
[Site "LSS email"]
[Date "2010.09.28"]
[Round "?"]
[White "Nolf, Francky"]
[Black "Obukhov, Gennady Nikolaevich"]
[Result "0-1"]
[WhiteElo "920"]
[BlackElo "2024"]
[PlyCount "42"]
[EventDate "2010.10.01"]
[EventType "tourn (corr)"]
[EventRounds "6"]
[EventCountry "GER"]
[SourceTitle "Telechess CBM 143"]
[Source "ChessBase"]
[SourceDate "2011.07.15"]
[SourceVersion "1"]
[SourceVersionDate "2011.07.15"]
[SourceQuality "1"]

1. d4 d5 2. Nf3 c5 3. e3 Nf6 4. b3 cxd4 5. Nxd4 e5 6. Nf3 Nc6 7. Bb2 Bd6 8. Be2 0-0 9. 0-0 Qc7 10. g3 Rd8 11. Nbd2 Bh3 12. Re1 Rac8 13. Ng5 Bf5 14. Ngf3 Nb4 15. c3 Nd3 16. Bxd3 Bxd3 17. Nf1 e4 18. Nd4 Qd7 19. Ne2 Qh3 20. Nf4 Bxf4 21. exf4 Bxf1 0-1

[Event "LSS No Engine Cup 28 Preliminary 2"]
[Site "LSS email"]
[Date "2010.09.19"]
[Round "?"]
[White "Granara Barreto, Sebastian A"]
[Black "Nolf, Francky"]
[Result "1-0"]
[WhiteElo "2101"]
[BlackElo "921"]
[PlyCount "41"]
[EventDate "2010.09.20"]
[EventType "tourn (corr)"]
[EventRounds "6"]
[EventCountry "GER"]
[SourceTitle "Telechess CBM 143"]
[Source "ChessBase"]
[SourceDate "2011.07.15"]
[SourceVersion "1"]
[SourceVersionDate "2011.07.15"]
[SourceQuality "1"]

1. e4 d6 2. d4 Nf6 3. Nc3 Nbd7 4. Nf3 e5 5. Bc4 Be7 6. 0-0 0-0 7. Re1 c6 8. a4 Qc7 9. h3 Nb6 10. Bb3 Bd7 11. a5 Nc8 12. Bg5 h6 13. Bh4 Nh7 14. Bxe7 Nxe7 15. dxe5 dxe5 16. Nxe5 Bxh3 17. Nxf7 Rxf7 18. Bxf7+ Kxf7 19. Qh5+ Ng6 20. Qxh3 Ng5 21. Qf5+ 1-0

[Event "LSS No Engine Cup 28 Preliminary 2"]
[Site "LSS email"]
[Date "2010.09.19"]
[Round "?"]
[White "Jostov, Keylah"]
[Black "Nolf, Francky"]
[Result "0-1"]
[WhiteElo "1123"]
[BlackElo "868"]
[PlyCount "110"]
[EventDate "2010.09.20"]
[EventType "tourn (corr)"]
[EventRounds "6"]
[EventCountry "GER"]
[SourceTitle "Telechess CBM 145"]
[Source "Chessbase"]
[SourceDate "2011.11.11"]
[SourceVersion "1"]
[SourceVersionDate "2011.11.11"]
[SourceQuality "1"]

1. e4 d6 2. d4 Nf6 3. Nc3 Nbd7 4. Nf3 e5 5. Bc4 Be7 6. 0-0 0-0 7. a4 c6 8. h3 Qc7 9. Qe2 Nb6 10. Bb3 Bd7 11. a5 Nc8 12. a6 b6 13. d5 b5 14. dxc6 Bxc6 15. Nd5 Nxd5 16. exd5 Bd7 17. Bg5 Bxg5 18. Nxg5 Nb6 19. Qe4 g6 20. Qh4 h5 21. g4 Kg7 22. Ne4 Qd8 23. g5 Bf5 24. Nf6 Nd7 25. Nxd7 Qxd7 26. Kh2 Rac8 27. c3 Bd3 28. Rfe1 Bc4 29. Bc2 Bxd5 30. Rad1 Qe6 31. f4 Rc4 32. Qf2 Rxf4 33. Qxf4 exf4 34. Rxe6 fxe6 35. Bd3 f3 36. h4 f2 37. Bf1 Rf4 38. Kg3 Rf3+ 39. Kh2 Rf4 40. Kg3 Rf3+ 41. Kh2 Rf5 42. Rd2 Bc4 43. Kg2 d5 44. Rxf2 Bxf1+ 45. Rxf1 Kf7 46. Rxf5+ exf5 47. Kf3 Ke6 48. Ke3 Ke5 49. b3 f4+ 50. Kf3 Kf5 51. b4 Ke5 52. Ke2 Ke4 53. Kd2 f3 54. Ke1 Ke3 55. Kf1 f2 0-1

[Event "LSS No Engine Cup 28 Preliminary 2"]
[Site "LSS email"]
[Date "2010.09.19"]
[Round "?"]
[White "Nolf, Francky"]
[Black "Goepfert, Christian"]
[Result "1-0"]
[WhiteElo "923"]
[BlackElo "639"]
[PlyCount "37"]
[EventDate "2010.09.20"]
[EventType "tourn (corr)"]
[EventRounds "6"]
[EventCountry "GER"]
[SourceTitle "Telechess CBM 143"]
[Source "ChessBase"]
[SourceDate "2011.07.15"]
[SourceVersion "1"]
[SourceVersionDate "2011.07.15"]
[SourceQuality "1"]

1. d4 Nf6 2. Nf3 d5 3. e3 Nc6 4. Bd3 Bg4 5. h3 Bh5 6. g4 Bg6 7. Bxg6 hxg6 8. Ng5 e5 9. dxe5 Nxe5 10. f3 Bb4+ 11. c3 Ba5 12. Qa4+ Nc6 13. Qb5 Qd7 14. Qxb7 Rb8 15. Qa6 Nb4 16. Qxa7 Rb5 17. Qa8+ Qd8 18. Qxd8+ Kxd8 19. Nxf7+ 1-0

[Event "LSS RN-2010-0-00308"]
[Site "LSS email"]
[Date "2010.08.17"]
[Round "?"]
[White "Jokmin, Alex"]
[Black "Nolf, Francky"]
[Result "0-1"]
[WhiteElo "776"]
[BlackElo "969"]
[PlyCount "36"]
[EventDate "2010.07.27"]
[EventType "tourn (corr)"]
[EventRounds "6"]
[EventCountry "GER"]
[SourceTitle "Telechess CBM 143"]
[Source "ChessBase"]
[SourceDate "2011.07.15"]
[SourceVersion "1"]
[SourceVersionDate "2011.07.15"]
[SourceQuality "1"]

1. b4 d6 2. Bb2 e5 3. e4 Nf6 4. f3 Nbd7 5. Bc4 Be7 6. b5 0-0 7. d4 exd4 8. Qxd4 Ne5 9. g4 Nfd7 10. f4 Bh4+ 11. Ke2 Qf6 12. fxe5 Nxe5 13. Bd3 Bxg4+ 14. Kd2 Bf2 15. Qd5 c6 16. bxc6 bxc6 17. Qb3 Qf4+ 18. Kc3 Be1+ 0-1

[Event "LSS RN-2010-0-00308"]
[Site "LSS email"]
[Date "2010.08.17"]
[Round "?"]
[White "Nolf, Francky"]
[Black "Brough, Carl"]
[Result "0-1"]
[WhiteElo "922"]
[BlackElo "670"]
[PlyCount "84"]
[EventDate "2010.07.27"]
[EventType "tourn (corr)"]
[EventRounds "6"]
[EventCountry "GER"]
[SourceTitle "Telechess CBM 143"]
[Source "ChessBase"]
[SourceDate "2011.07.15"]
[SourceVersion "1"]
[SourceVersionDate "2011.07.15"]
[SourceQuality "1"]

1. d4 d5 2. Nf3 Nf6 3. e3 a6 4. Bd3 Bg4 5. h3 Bh5 6. g4 Bg6 7. Ne5 Nc6 8. Nxg6 hxg6 9. b3 Qd7 10. Bb2 Nxg4 11. Qf3 e5 12. Be2 Nf6 13. Nc3 e4 14. Qg2 Nb4 15. 0-0-0 0-0-0 16. Kb1 Bd6 17. Rc1 Kb8 18. Bg4 Qe7 19. Ne2 g5 20. Ng3 Bxg3 21. Qxg3 Rh6 22. a3 Nc6 23. f4 Qd6 24. Ka2 Nh5 25. Bxh5 Rxh5 26. Rcf1 f6 27. h4 Rdh8 28. a4 Nb4+ 29. Kb1 Qc6 30. c3 Nd3 31. fxg5 fxg5 32. Rf7 gxh4 33. Qxg7 h3 34. Rf8+ Rxf8 35. Qxf8+ Ka7 36. Qf7 Rh6 37. Qf1 Qd7 38. Ka2 h2 39. Qg2 Qh7 40. Ba3 Rh3 41. Qg5 Nf2 42. Qxd5 Nxh1 0-1